Von Reinhardt bis Brecht : vier Jahrzehnte Theater und Film /

Bibliographic Details
Main Author: Ihering, Herbert, 1888-1977
Format: Book
Language:German
Published: Berlin : Aufbau-Verlag, 1961-
Subjects:

MARC

Tag First Indicator Second Indicator Subfields
LEADER 00000cam a2200000Ii 4500
001 in00002012152
005 20151031153831.0
008 780508m19619999gw o 000 0 ger d
035 |a (OCoLC)ocm03874151 
040 |a ZBM  |c ZBM  |d OCL  |d OCLCQ  |d UtOrBLW 
043 |a e-gx--- 
049 |a TXAM 
090 |a PN2654  |b .I467 
100 1 |a Ihering, Herbert,  |d 1888-1977. 
245 1 0 |a Von Reinhardt bis Brecht :  |b vier Jahrzehnte Theater und Film /  |c Herbert Jhering. 
264 1 |a Berlin :  |b Aufbau-Verlag,  |c 1961- 
300 |a volumes ;  |c 20 cm. 
336 |a text  |b txt  |2 rdacontent 
337 |a unmediated  |b n  |2 rdamedia 
338 |a volume  |b nc  |2 rdacarrier 
505 2 |a v. 1. 1909-1923-- v.2.1924-1929--v. 3. 1930-1932. 
536 |a From the Howard Mayer Brown, Edward Downes and Mary Schieffelin Book Collections, October 2004. 
650 0 |a Theater  |z Germany. 
650 0 |a Theater  |v Reviews. 
650 0 |a Motion pictures  |v Reviews. 
948 |a cataloged  |b cmulkey  |c 2004/12/17  |d 8:56:42 am 
994 |a C0  |b TXA 
999 |a MARS 
999 f f |s 44af8ea6-205e-38f1-959e-1ea81d3f8a56  |i 537a9bc1-9269-3c56-9385-950f3bac144b  |t 0 
952 f f |p ric  |a Texas A&M University  |b Rellis Campus  |c Joint Library Facility  |d Remote Storage  |t 0  |e PN2654 .I467  |h Library of Congress classification  |i unmediated -- volume  |k v.2  |m A14831658207 
952 f f |p ric  |a Texas A&M University  |b Rellis Campus  |c Joint Library Facility  |d Remote Storage  |t 0  |e PN2654 .I467  |h Library of Congress classification  |i unmediated -- volume  |k v.1  |m A14831658192 
998 f f |a PN2654 .I467  |s v.1-2  |t 0  |l Remote Storage